| 000 | 01488nam1a22003491 4500 | ||
|---|---|---|---|
| 001 | v19\rc\1926760 | ||
| 005 | 20260406192350.0 | ||
| 035 | _a(NLR Aleph) 005012381 | ||
| 090 |
_a6501621 _c6501621 |
||
| 100 | _a20251123 rusy50 | ||
| 101 | 0 | _arus | |
| 102 | _aRU | ||
| 105 | _ay z ||||| | ||
| 200 | 1 |
_aМатериалы к пересмотру торгового договора с Германией _eВып. 1- _fГУЗ и З. Отд. сел. экономии и с.-х. статистики |
|
| 210 |
_aСанкт-Петербург _cтип. В.Ф. Киршбаума _d1912-1916 |
||
| 215 | _d27-31 | ||
| 300 | _aТип. вып. 19: Тренке и Фюсно | ||
| 300 | _aНадзаг. вып. 17: М-во земледелия. Отд. сел. экономии и с.-х. статистики | ||
| 712 | 0 | 1 |
_aРоссия _bГлавное управление землеустройства и земледелия _bОтдел сельской экономии и сельскохозяйственной статистики _3RU\NLR\AUTH\889954856 _9405735 |
| 801 | 0 |
_aRU _bNLR _gpsbo |
|
| 801 | 0 |
_aRU _bRuMoRGB _2psbo |
|
| 801 | 1 |
_aRU _bProSoft-M _2rusmarc |
|
| 852 |
_aNLR _jШифры разные |
||
| 899 |
_aRuMoRGB _jV 33/26 |
||
| 899 |
_aRuMoRGB _jU 175/1122 |
||
| 899 |
_aRuMoRGB _jV 33/246 |
||
| 899 | _aБАН | ||
| 899 |
_aНБ СПбГУ _y(6, 13-16) |
||
| 899 | _aГПИБ | ||
| 899 |
_aНБ МГУ _y(1-4, 6-16) |
||
| 942 | _cBOOK | ||
| 980 | _aNB | ||